[Event "Niedersachsen-ch open"]
[Site "Verden"]
[Date "2010.01.05"]
[Round "6.30"]
[White "Brehm, Stefan"]
[Black "Wierum, Colin"]
[Result "0-1"]
[WhiteElo "1640"]
[BlackElo "1934"]
[PlyCount "54"]
[EventDate "2010.01.03"]
[EventType "swiss"]
[EventRounds "7"]
[EventCountry "GER"]
[SourceTitle "EXT 2012"]
[Source "ChessBase"]
[SourceDate "2011.11.24"]
[SourceVersion "1"]
[SourceVersionDate "2011.11.24"]
[SourceQuality "1"]

1. d4 g6 2. c4 Bg7 3. e4 c5 4. d5 d6 5. Nc3 Nf6 6. Bd3 0-0 7. f4 e6 8. Nf3 exd5 9. cxd5 Bg4 10. 0-0 a6 11. a4 Qc7 12. Qe2 Nbd7 13. Be3 Rfe8 14. h3 Bxf3 15. Qxf3 c4 16. Bc2 Nc5 17. f5 Nfd7 18. fxg6 fxg6 19. Qf7+ Kh8 20. Kh1 Rf8 21. Qe7 Rae8 22. Qh4 Ne5 23. Bh6 Ned3 24. Rxf8+ Rxf8 25. Rb1 Qf7 26. Bd1 Qf1+ 27. Kh2 Be5+ 0-1

[Event "Niedersachsen-ch open"]
[Site "Verden"]
[Date "2010.01.03"]
[Round "2.24"]
[White "Poelig, Juergen"]
[Black "Wierum, Colin"]
[Result "1-0"]
[WhiteElo "1807"]
[BlackElo "1934"]
[PlyCount "67"]
[EventDate "2010.01.03"]
[EventType "swiss"]
[EventRounds "7"]
[EventCountry "GER"]
[SourceTitle "EXT 2012"]
[Source "ChessBase"]
[SourceDate "2011.11.24"]
[SourceVersion "1"]
[SourceVersionDate "2011.11.24"]
[SourceQuality "1"]

1. e4 c5 2. c3 Nf6 3. e5 Nd5 4. d4 cxd4 5. Nf3 Nc6 6. cxd4 d6 7. Bc4 Nb6 8. Bb5 a6 9. Bxc6+ bxc6 10. 0-0 g6 11. Nc3 Bg7 12. h3 0-0 13. Bf4 Be6 14. Ne4 Bd5 15. Re1 Bxe4 16. Rxe4 Nd5 17. Bd2 Rb8 18. Qc1 Qb6 19. b3 f5 20. Rh4 dxe5 21. dxe5 f4 22. Bxf4 Rxf4 23. Rxf4 Bh6 24. Rb4 Qxb4 25. Qxh6 e6 26. Ng5 Qe7 27. Rc1 Rc8 28. Rc4 c5 29. h4 Rc6 30. h5 gxh5 31. Qxh5 Rc7 32. Rg4 Kf8 33. Qh6+ Ke8 34. Nxe6 1-0

[Event "Niedersachsen-ch op"]
[Site "Verden"]
[Date "2009.01.06"]
[Round "7"]
[White "Zotin, Vladimir"]
[Black "Wierum, Colin"]
[Result "1/2-1/2"]
[WhiteElo "1976"]
[BlackElo "1954"]
[PlyCount "62"]
[EventDate "2009.01.03"]
[EventType "swiss"]
[EventRounds "7"]
[EventCountry "GER"]
[SourceTitle "EXT 2012"]
[Source "ChessBase"]
[SourceDate "2011.11.24"]
[SourceVersion "1"]
[SourceVersionDate "2011.11.24"]
[SourceQuality "1"]

1. e4 g6 2. d4 Bg7 3. f4 c5 4. Nf3 cxd4 5. Nxd4 Nc6 6. c3 d6 7. Bb5 Bd7 8. Be3 Nf6 9. Qd3 0-0 10. Nd2 a6 11. Bxc6 bxc6 12. 0-0 d5 13. N4b3 Qc7 14. h3 Nxe4 15. Nxe4 Bf5 16. Nbc5 dxe4 17. Qc4 a5 18. g4 Bc8 19. Qxe4 h5 20. Qf3 hxg4 21. hxg4 Ba6 22. Rf2 Rfd8 23. f5 Bc4 24. Re1 Rd6 25. Bf4 Bd5 26. Bxd6 exd6 27. Qf4 Be5 28. Rxe5 dxe5 29. Qh6 Qd6 30. f6 Qf8 31. Qh4 Qxc5 1/2-1/2

[Event "Niedersachsen-chT U16"]
[Site "Verden an der Aller"]
[Date "2008.05.02"]
[Round "2.1"]
[White "Schulz, Jens"]
[Black "Wierum, Colin"]
[Result "1-0"]
[WhiteElo "1984"]
[BlackElo "1904"]
[PlyCount "63"]
[EventDate "2008.05.01"]
[EventType "team"]
[EventRounds "7"]
[EventCountry "GER"]
[SourceTitle "EXT 2009"]
[Source "ChessBase"]
[SourceDate "2008.11.26"]
[SourceVersion "1"]
[SourceVersionDate "2008.11.26"]
[SourceQuality "1"]

1. e4 g6 2. d4 Bg7 3. Nc3 c5 4. Be3 Nc6 5. Nf3 cxd4 6. Nxd4 Nf6 7. Nxc6 bxc6 8. e5 Ng8 9. f4 Nh6 10. Qf3 d5 11. exd6 Qxd6 12. Bb5 Bb7 13. 0-0 0-0 14. Ba4 Nf5 15. Bf2 Nd4 16. Bxd4 Qxd4+ 17. Kh1 Qb4 18. Bxc6 Bxc6 19. Qxc6 Qxb2 20. Nd5 e6 21. Ne3 Qa3 22. Rae1 Qxa2 23. g4 Rac8 24. Qe4 Rfd8 25. f5 exf5 26. gxf5 Re8 27. Qb7 Rb8 28. Qd7 Rbd8 29. Qb7 Bd4 30. fxg6 hxg6 31. c4 f6 32. Nf5 1-0

[Event "GER-ch U25"]
[Site "Willingen"]
[Date "2007.06.01"]
[Round "9"]
[White "Mueller, Johannes"]
[Black "Wierum, Colin"]
[Result "1-0"]
[WhiteElo "1612"]
[BlackElo "1650"]
[PlyCount "95"]
[EventDate "2007.05.26"]
[EventType "swiss"]
[EventRounds "9"]
[EventCountry "GER"]
[SourceTitle "CBM 118 Extra"]
[Source "ChessBase"]
[SourceDate "2007.07.04"]
[SourceVersion "1"]
[SourceVersionDate "2007.07.04"]
[SourceQuality "1"]

1. e4 d5 2. exd5 Qxd5 3. Nc3 Qa5 4. d4 Nf6 5. Bd2 Qb6 6. Bc1 Bg4 7. Be2 Bxe2 8. Ngxe2 Nc6 9. Rb1 0-0-0 10. Be3 e5 11. Na4 Qa5+ 12. c3 exd4 13. b4 Qd5 14. Nxd4 Nxd4 15. Bxd4 Qxg2 16. Ke2 Bd6 17. Kd2 Ne4+ 18. Kc2 Nxf2 19. Bxf2 Qxf2+ 20. Kb3 Be5 21. Qg4+ f5 22. Qc4 Rhe8 23. Rbd1 Rxd1 24. Rxd1 Bf6 25. Qf7 Qe2 26. Qd7+ Kb8 27. Nc5 Qe7 28. Qxf5 Qf7+ 29. c4 Re3+ 30. Rd3 Rxd3+ 31. Qxd3 Qg6 32. Qxg6 hxg6 33. h3 b6 34. Ne4 Kc8 35. b5 Kd7 36. Kc2 c6 37. a4 c5 38. Kd3 Ke6 39. Ke3 Ke5 40. a5 Bd8 41. a6 Be7 42. Nf2 Bg5+ 43. Kd3 Kf4 44. Ng4 Bf6 45. Ne3 Be5 46. Nd5+ Kf3 47. Nxb6 Bc7 48. Nd7 1-0

[Event "GER-ch U25"]
[Site "Willingen"]
[Date "2007.05.30"]
[Round "7"]
[White "Holle, Eric"]
[Black "Wierum, Colin"]
[Result "0-1"]
[WhiteElo "1118"]
[BlackElo "1650"]
[PlyCount "37"]
[EventDate "2007.05.26"]
[EventType "swiss"]
[EventRounds "9"]
[EventCountry "GER"]
[SourceTitle "CBM 118 Extra"]
[Source "ChessBase"]
[SourceDate "2007.07.04"]
[SourceVersion "1"]
[SourceVersionDate "2007.07.04"]
[SourceQuality "1"]

1. e4 d5 2. exd5 Qxd5 3. Nc3 Qa5 4. Nf3 Nf6 5. d4 Bg4 6. Bd2 Nc6 7. Bb5 0-0-0 8. Bxc6 bxc6 9. h3 Bh5 10. Be3 e5 11. g4 exd4 12. Nxd4 c5 13. gxh5 cxd4 14. Bxd4 Bc5 15. Qf3 Bxd4 16. 0-0-0 Kb8 17. Rd3 Bxc3 18. Rxc3 Qd5 19. Re1 0-1

[Event "Niedersachsen-chT U16"]
[Site "Stade"]
[Date "2007.05.19"]
[Round "6.3"]
[White "Rauschenberg, Rolf"]
[Black "Wierum, Colin"]
[Result "0-1"]
[WhiteElo "861"]
[BlackElo "1650"]
[PlyCount "54"]
[EventDate "2007.05.17"]
[EventType "team-tourn"]
[EventRounds "7"]
[EventCountry "GER"]
[SourceTitle "EXT 2008"]
[Source "ChessBase"]
[SourceDate "2007.11.25"]
[SourceVersion "1"]
[SourceVersionDate "2007.11.25"]
[SourceQuality "1"]

1. d4 d5 2. Nf3 e6 3. Nc3 f5 4. Bf4 c6 5. e3 Nf6 6. Bd3 Be7 7. Ne5 0-0 8. h3 Ne4 9. Nxe4 fxe4 10. Be2 Nd7 11. Qd2 Bf6 12. Nxd7 Bxd7 13. g4 Be8 14. 0-0-0 Bh4 15. f3 exf3 16. Bxf3 g5 17. Rhf1 gxf4 18. exf4 Rxf4 19. Kb1 Bg5 20. h4 Rxf3 21. hxg5 Rxf1 22. Rxf1 Bg6 23. Qe3 Qd6 24. Re1 Rf8 25. b3 Rf4 26. Rg1 Re4 27. Qc3 Qh2 0-1

[Event "Niedersachsen-ch op"]
[Site "Verden"]
[Date "2007.01.04"]
[Round "1"]
[White "Wierum, Colin"]
[Black "Kaiser, Gerhard"]
[Result "1/2-1/2"]
[WhiteElo "1652"]
[BlackElo "2050"]
[PlyCount "105"]
[EventDate "2007.01.04"]
[EventType "swiss"]
[EventRounds "7"]
[EventCountry "GER"]
[SourceTitle "EXT 2021"]
[Source "ChessBase"]
[SourceDate "2020.10.23"]
[SourceVersion "1"]
[SourceVersionDate "2020.10.23"]
[SourceQuality "1"]

1. e4 c5 2. Nf3 Nf6 3. Nc3 d5 4. Bb5+ Bd7 5. Bxd7+ Qxd7 6. exd5 Nxd5 7. Ne4 e6 8. d3 Nc6 9. Be3 Nxe3 10. fxe3 f5 11. Nc3 Be7 12. Qd2 0-0 13. 0-0-0 Bf6 14. h3 Nb4 15. Kb1 Rac8 16. Rdf1 Rc6 17. g4 Rb6 18. g5 Bxc3 19. Qxc3 Qd5 20. Qb3 Qxb3 21. axb3 Rd6 22. Nd2 e5 23. Nc4 Re6 24. Rf2 b5 25. Nd2 g6 26. h4 Nd5 27. e4 Nf4 28. exf5 gxf5 29. Re1 Ng6 30. h5 Ne7 31. Ref1 Rd8 32. Re2 Rd4 33. Nf3 Rf4 34. Nd2 Rg4 35. Rfe1 Nc6 36. Nf3 e4 37. dxe4 fxe4 38. Nd2 Rxg5 39. Rxe4 Rxe4 40. Nxe4 Rf5 41. h6 Kf8 42. Nd6 Re5 43. Rxe5 Nxe5 44. Nxb5 a5 45. Nd6 Ng4 46. Ne4 Nxh6 47. Nf6 Kg7 48. Nxh7 Kxh7 49. Ka2 Nf5 50. Ka3 Ne3 51. c3 Nd1 52. b4 axb4+ 53. cxb4 1/2-1/2

[Event "GER-ch op U25"]
[Site "Willingen"]
[Date "2006.06.08"]
[Round "7"]
[White "Wierum, Colin"]
[Black "Heinrich, Philipp"]
[Result "1-0"]
[WhiteElo "1459"]
[BlackElo "1180"]
[PlyCount "63"]
[EventDate "2006.06.04"]
[EventType "swiss"]
[EventRounds "9"]
[EventCountry "GER"]
[SourceTitle "EXT 2007"]
[Source "ChessBase"]
[SourceDate "2006.11.23"]
[SourceVersion "1"]
[SourceVersionDate "2006.11.23"]
[SourceQuality "1"]

1. e4 e5 2. Bc4 Nf6 3. d3 Be7 4. Nc3 c6 5. Bg5 0-0 6. Qd2 Nxe4 7. Nxe4 d5 8. Bxe7 Qxe7 9. Bxd5 cxd5 10. Nc3 Be6 11. Nge2 Nc6 12. 0-0 d4 13. Ne4 b5 14. f4 f5 15. N4g3 a5 16. fxe5 Nxe5 17. Nxd4 Qc5 18. Qf2 Ng4 19. Nxe6 Qxf2+ 20. Rxf2 Nxf2 21. Nxf8 Rxf8 22. Kxf2 g5 23. Re1 f4 24. Ne4 h6 25. h3 Kg7 26. Kf3 Kg6 27. Nf2 Rf6 28. Re5 Rf5 29. Rxf5 Kxf5 30. d4 h5 31. c3 Ke6 32. Ke4 1-0